[Event "Remote Random email"]
[Site "Remote email"]
[Date "2013.06.07"]
[Round "?"]
[White "Skowronek, Juergen"]
[Black "Kuhn, Ansgar T"]
[Result "1-0"]
[WhiteElo "2248"]
[BlackElo "2362"]
[PlyCount "55"]
[EventDate "2013.??.??"]
[EventType "tourn (corr)"]
[EventRounds "6"]
[EventCountry "GER"]
[SourceTitle "Corr 2015"]
[Source "ChessBase"]
[SourceDate "2015.07.17"]
[SourceVersion "1"]
[SourceVersionDate "2015.07.17"]
[SourceQuality "1"]

1. c4 f5 2. Nc3 Nf6 3. g3 g6 4. Bg2 Bg7 5. d3 d6 6. e4 Nc6 7. Nge2 e5 8. Nd5 Nxd5 9. cxd5 Nb8 10. h4 a5 11. h5 g5 12. h6 Bf6 13. Nc3 f4 14. gxf4 gxf4 15. Bf3 Na6 16. Bh5+ Ke7 17. d4 Qf8 18. dxe5 Bxe5 19. Bd2 Rg8 20. Qf3 Bd7 21. 0-0-0 Qf6 22. Rdg1 Nc5 23. Kb1 b5 24. Ne2 Raf8 25. Rg7+ Rxg7 26. hxg7 Qxg7 27. Rg1 Qf6 28. Bg4 1-0

[Event "Remote 4 Seasons Spring email"]
[Site "Remote email"]
[Date "2013.03.15"]
[Round "?"]
[White "Firsching, Guenter"]
[Black "Kuhn, Ansgar T"]
[Result "1-0"]
[WhiteElo "2455"]
[BlackElo "2362"]
[PlyCount "57"]
[EventDate "2013.??.??"]
[EventType "tourn (corr)"]
[EventRounds "10"]
[EventCountry "GER"]
[SourceTitle "Corr 2015"]
[Source "ChessBase"]
[SourceDate "2015.07.17"]
[SourceVersion "1"]
[SourceVersionDate "2015.07.17"]
[SourceQuality "1"]

1. e4 c5 2. Nf3 d6 3. d4 cxd4 4. Nxd4 Nf6 5. Nc3 g6 6. Be3 Bg7 7. f3 0-0 8. Qd2 Nc6 9. 0-0-0 d5 10. exd5 Nxd5 11. Nxc6 bxc6 12. Nxd5 cxd5 13. Qxd5 Qc7 14. Qc5 Qb8 15. c3 Be6 16. Qa5 Be5 17. g3 Bc7 18. Qa4 Qb7 19. Qe4 Qxe4 20. fxe4 Bxa2 21. Rd7 Bb6 22. Bxb6 axb6 23. Kc2 f5 24. b3 fxe4 25. Bc4+ Kh8 26. Rd2 Ra5 27. Re1 b5 28. Bd5 Rd8 29. Rdd1 1-0

[Event "Remote 4 Seasons Spring email"]
[Site "Remote email"]
[Date "2013.03.15"]
[Round "?"]
[White "Kuhn, Ansgar T"]
[Black "Doderer, Harald"]
[Result "0-1"]
[WhiteElo "2362"]
[BlackElo "2442"]
[PlyCount "106"]
[EventDate "2013.??.??"]
[EventType "tourn (corr)"]
[EventRounds "10"]
[EventCountry "GER"]
[SourceTitle "Corr 2015"]
[Source "ChessBase"]
[SourceDate "2015.07.17"]
[SourceVersion "1"]
[SourceVersionDate "2015.07.17"]
[SourceQuality "1"]

1. c4 Nf6 2. g3 c6 3. Bg2 d5 4. Nf3 dxc4 5. Qc2 b5 6. b3 cxb3 7. axb3 Bb7 8. Ba3 g6 9. d4 Bg7 10. 0-0 0-0 11. Nbd2 a5 12. Rfc1 Re8 13. Bb2 Na6 14. Ne5 Nb4 15. Qd1 Nd7 16. Nxc6 Nxc6 17. Bxc6 Bxc6 18. Rxc6 Nb8 19. Rc5 Bxd4 20. Bxd4 Qxd4 21. Rxb5 Rd8 22. Ra2 Qd7 23. Rc5 Ra6 24. Qb1 Rd6 25. Nf1 Qe6 26. Kg2 Nc6 27. Ne3 Rb8 28. Rb2 Rb4 29. h4 h5 30. Qa2 Qe4+ 31. Kh2 Kg7 32. Rc4 Rxc4 33. bxc4 Qd4 34. Rb7 Re6 35. Qb2 Qxb2 36. Rxb2 Nb4 37. Kg2 Kf6 38. Rb1 Ra6 39. c5 Ke6 40. Kf3 Nd5 41. Rd1 Nxe3 42. Kxe3 a4 43. Kd4 Kd7 44. Rd2 Kc6 45. Kc4 a3 46. Ra2 f6 47. Kb4 g5 48. Rxa3 Rxa3 49. Kxa3 gxh4 50. gxh4 Kxc5 51. Kb3 Kd4 52. Kc2 Ke4 53. Kd2 Kf4 0-1

[Event "Remote Random-148 email"]
[Site "Remote email"]
[Date "2012.11.26"]
[Round "?"]
[White "Kuhn, Ansgar T"]
[Black "Schilling, Frank"]
[Result "1/2-1/2"]
[WhiteElo "2330"]
[BlackElo "2429"]
[PlyCount "55"]
[EventDate "2012.??.??"]
[EventType "tourn (corr)"]
[EventRounds "6"]
[EventCountry "GER"]
[SourceTitle "Corr 2015"]
[Source "ChessBase"]
[SourceDate "2015.07.17"]
[SourceVersion "1"]
[SourceVersionDate "2015.07.17"]
[SourceQuality "1"]

1. e4 c5 2. Nf3 d6 3. d4 cxd4 4. Nxd4 Nf6 5. Nc3 g6 6. Be3 Bg7 7. f3 0-0 8. Qd2 Nc6 9. Bc4 Bd7 10. h4 Nxd4 11. Bxd4 b5 12. Bb3 a5 13. h5 a4 14. Bxf6 exf6 15. Bd5 Rc8 16. hxg6 hxg6 17. 0-0-0 b4 18. Ne2 f5 19. Nd4 Rc5 20. Kb1 Qb6 21. Qg5 Rxd5 22. exd5 a3 23. Qe7 Ba4 24. b3 Re8 25. Qh4 Qc5 26. Rd3 Bd7 27. Rc1 Qxd5 28. Re1 1/2-1/2

[Event "Remote S7E Adv-129 email"]
[Site "Remote email"]
[Date "2012.11.13"]
[Round "?"]
[White "Wittig, Frank"]
[Black "Kuhn, Ansgar T"]
[Result "1/2-1/2"]
[WhiteElo "2299"]
[BlackElo "2330"]
[PlyCount "92"]
[EventDate "2012.??.??"]
[EventType "tourn (corr)"]
[EventRounds "6"]
[EventCountry "GER"]
[SourceTitle "Corr 2015"]
[Source "ChessBase"]
[SourceDate "2015.07.17"]
[SourceVersion "1"]
[SourceVersionDate "2015.07.17"]
[SourceQuality "1"]

1. e4 c5 2. Nf3 d6 3. d4 cxd4 4. Nxd4 Nf6 5. Nc3 g6 6. f4 Nc6 7. Nxc6 bxc6 8. e5 Nd7 9. Qf3 d5 10. Be2 e6 11. Bd2 Rb8 12. 0-0-0 c5 13. h4 Qb6 14. b3 h5 15. Na4 Qc7 16. Rh3 Bb7 17. Nb2 Bc6 18. Qc3 Be7 19. Qa5 Qb7 20. g4 hxg4 21. Bxg4 Rxh4 22. Rxh4 Bxh4 23. Rh1 Be7 24. Rh8+ Nf8 25. Na4 c4 26. Be2 Bb4 27. Bxb4 Qxb4 28. Qxb4 Rxb4 29. a3 Rb8 30. Nc5 cxb3 31. cxb3 Ke7 32. b4 Be8 33. Bd3 a5 34. Na6 Rc8+ 35. Kd2 axb4 36. axb4 Nd7 37. b5 Nb6 38. Rh1 Bd7 39. Rb1 Be8 40. Rh1 d4 41. Rb1 Rc3 42. Nb4 Rc5 43. Na6 Rc3 44. Nb4 Ra3 45. Nc6+ Kd7 46. Nxd4 Ra4 1/2-1/2

[Event "Remote Random-144 email"]
[Site "Remote email"]
[Date "2012.09.13"]
[Round "?"]
[White "Gottwald, Bernhard"]
[Black "Kuhn, Ansgar T"]
[Result "0-1"]
[WhiteElo "1880"]
[BlackElo "2327"]
[PlyCount "66"]
[EventDate "2012.??.??"]
[EventType "tourn (corr)"]
[EventRounds "6"]
[EventCountry "GER"]
[SourceTitle "Corr 2015"]
[Source "ChessBase"]
[SourceDate "2015.07.17"]
[SourceVersion "1"]
[SourceVersionDate "2015.07.17"]
[SourceQuality "1"]

1. d4 f5 2. c4 Nf6 3. g3 e6 4. Bg2 Be7 5. Nf3 0-0 6. 0-0 Ne4 7. Qc2 Bf6 8. Nc3 Nxc3 9. bxc3 d6 10. e4 fxe4 11. Qxe4 Nc6 12. Ba3 Qe8 13. Rae1 Na5 14. Nd2 Qa4 15. Bb4 Nc6 16. Qb1 a5 17. Be4 axb4 18. Bc2 Qxa2 19. Bxh7+ Kf7 20. Qg6+ Ke7 21. Ne4 bxc3 22. Nxf6 gxf6 23. d5 Ne5 24. Rxe5 dxe5 25. d6+ cxd6 26. Bg8 Rxg8 27. Qxg8 Qd2 28. Qg7+ Ke8 29. Qh8+ Kd7 30. Qxf6 c2 31. Qf7+ Kc6 32. Qf3+ Kc7 33. Qf7+ Bd7 0-1

[Event "Remote Random-144 email"]
[Site "Remote email"]
[Date "2012.09.13"]
[Round "?"]
[White "Kuhn, Ansgar T"]
[Black "Raap, Christian"]
[Result "1-0"]
[WhiteElo "2327"]
[BlackElo "2318"]
[PlyCount "107"]
[EventDate "2012.??.??"]
[EventType "tourn (corr)"]
[EventRounds "6"]
[EventCountry "GER"]
[SourceTitle "Corr 2015"]
[Source "ChessBase"]
[SourceDate "2015.07.17"]
[SourceVersion "1"]
[SourceVersionDate "2015.07.17"]
[SourceQuality "1"]

1. d4 f5 2. c4 Nf6 3. g3 e6 4. Bg2 Be7 5. Nf3 0-0 6. 0-0 Ne4 7. Be3 d5 8. Qc2 Nd7 9. Nbd2 c6 10. Rfd1 Bd6 11. Ne1 Ndf6 12. f3 Nxd2 13. Bxd2 b6 14. Nd3 Ba6 15. c5 Bxd3 16. exd3 bxc5 17. dxc5 Bc7 18. Qa4 Qd7 19. Rab1 a6 20. Re1 e5 21. Re2 a5 22. Bc3 Qe6 23. Rbe1 Nd7 24. Bxe5 Nxe5 25. f4 Rab8 26. d4 Rb4 27. Qd1 Rfb8 28. b3 a4 29. bxa4 Ra8 30. Rd2 Rbxa4 31. Ree2 Nf3+ 32. Bxf3 Qd7 33. Rb2 Bd8 34. Kg2 Rc4 35. Qe1 Bf6 36. Qb1 Ra7 37. Rb8+ Kf7 38. Reb2 Be7 39. Rh8 Kg6 40. Qd3 Kh6 41. g4 g6 42. g5+ Kg7 43. Qe3 Kxh8 44. Rb8+ Bf8 45. Rxf8+ Kg7 46. Re8 Kf7 47. Rh8 Qe7 48. Rxh7+ Kf8 49. Rxe7 Rxe7 50. Qa3 Re6 51. Qa8+ Kf7 52. Qd8 Rc2+ 53. Kg3 Re7 54. Qd6 1-0

[Event "Remote Random-144 email"]
[Site "Remote email"]
[Date "2012.09.13"]
[Round "?"]
[White "Raap, Christian"]
[Black "Kuhn, Ansgar T"]
[Result "0-1"]
[WhiteElo "2318"]
[BlackElo "2327"]
[PlyCount "156"]
[EventDate "2012.??.??"]
[EventType "tourn (corr)"]
[EventRounds "6"]
[EventCountry "GER"]
[SourceTitle "Corr 2015"]
[Source "ChessBase"]
[SourceDate "2015.07.17"]
[SourceVersion "1"]
[SourceVersionDate "2015.07.17"]
[SourceQuality "1"]

1. d4 f5 2. c4 Nf6 3. g3 e6 4. Bg2 Be7 5. Nf3 0-0 6. 0-0 Ne4 7. Nc3 Nxc3 8. bxc3 Kh8 9. Re1 d5 10. cxd5 exd5 11. Ne5 c6 12. Qd3 Nd7 13. c4 Nxe5 14. dxe5 Qa5 15. Bf4 dxc4 16. Qxc4 Qb4 17. Qc2 Qc5 18. Qa4 Rd8 19. e4 Be6 20. exf5 Bxf5 21. Qb3 Qb4 22. Qf3 Rf8 23. a3 Qa4 24. Qe2 Rac8 25. e6 Bf6 26. e7 Rfe8 27. Bd6 Bxa1 28. Rxa1 Qd4 29. Rd1 Qf6 30. Qf3 Qe6 31. Qf4 Bg4 32. Rb1 b6 33. Bf1 b5 34. Qb4 a5 35. Qd2 Qf6 36. Re1 Be6 37. f4 h6 38. Re5 Bc4 39. Bxc4 bxc4 40. Qd4 c3 41. Bc5 c2 42. Qc4 Qg6 43. Re2 Qd3 44. Qxc2 Qxc2 45. Rxc2 Kg8 46. Kg2 Kf7 47. Kf3 Rb8 48. Bd6 Rb3+ 49. Ke4 Rc8 50. f5 c5 51. Rxc5 Rxc5 52. Bxc5 Rb2 53. h4 h5 54. Bd6 Rd2 55. Bc5 a4 56. Bb4 Re2+ 57. Kf4 Rb2 58. Bc5 Rb5 59. Bd4 Rb3 60. Bc5 Rc3 61. Bd6 Rd3 62. Bc5 Rd5 63. Be3 Kxe7 64. g4 hxg4 65. Kxg4 Kf6 66. h5 Ke5 67. h6 gxh6 68. Bxh6 Rc5 69. Bd2 Ke4 70. f6 Rf5 71. Bc3 Rf3 72. Bb2 Rb3 73. Bc1 Rc3 74. Bb2 Rc2 75. Ba1 Rg2+ 76. Kh5 Kf5 77. Kh4 Ke6 78. Bd4 Ra2 0-1

[Event "Remote S7E High-132 email"]
[Site "Remote email"]
[Date "2012.09.10"]
[Round "?"]
[White "Traut, Gerhard"]
[Black "Kuhn, Ansgar T"]
[Result "0-1"]
[WhiteElo "2361"]
[BlackElo "2355"]
[PlyCount "70"]
[EventDate "2012.??.??"]
[EventType "tourn (corr)"]
[EventRounds "6"]
[EventCountry "GER"]
[SourceTitle "Corr 2015"]
[Source "ChessBase"]
[SourceDate "2015.07.17"]
[SourceVersion "1"]
[SourceVersionDate "2015.07.17"]
[SourceQuality "1"]

1. d4 f5 2. g3 Nf6 3. Bg2 e6 4. Nf3 Be7 5. 0-0 0-0 6. c4 d6 7. Nc3 Ne4 8. Qc2 Nxc3 9. Qxc3 a5 10. b3 Nc6 11. d5 Bf6 12. Qc2 Bxa1 13. dxc6 bxc6 14. Be3 Bf6 15. Nd4 Bxd4 16. Bxd4 Bd7 17. f4 c5 18. Bxa8 cxd4 19. Bf3 c5 20. e3 Qb6 21. Re1 g6 22. Qd2 Re8 23. g4 Qb4 24. Qf2 e5 25. gxf5 e4 26. Bg4 Bxf5 27. Bxf5 gxf5 28. Qh4 Qb7 29. Re2 Kh8 30. Rg2 Qf7 31. Kf2 a4 32. bxa4 d3 33. a5 d5 34. cxd5 Rb8 35. Rg1 c4 0-1

[Event "Remote S7E Pro-156 email"]
[Site "Remote email"]
[Date "2012.08.26"]
[Round "?"]
[White "Kuhn, Ansgar T"]
[Black "Koestner, Wolfgang"]
[Result "1/2-1/2"]
[WhiteElo "2330"]
[BlackElo "2362"]
[PlyCount "126"]
[EventDate "2012.??.??"]
[EventType "tourn (corr)"]
[EventRounds "6"]
[EventCountry "GER"]
[SourceTitle "Corr 2015"]
[Source "ChessBase"]
[SourceDate "2015.07.17"]
[SourceVersion "1"]
[SourceVersionDate "2015.07.17"]
[SourceQuality "1"]

1. f4 Nf6 2. Nf3 g6 3. e3 Bg7 4. Be2 c5 5. 0-0 Nc6 6. d3 d5 7. a4 0-0 8. Na3 Qc7 9. Bd2 a6 10. Rc1 Rd8 11. c4 b6 12. Qe1 Bf5 13. cxd5 Nxd5 14. e4 Bxb2 15. Nc4 Bxc1 16. Qxc1 b5 17. Nce5 Nxe5 18. fxe5 Be6 19. exd5 Bxd5 20. Bc3 Bxf3 21. Rxf3 b4 22. Bb2 c4 23. dxc4 e6 24. Qh6 Qc5+ 25. Kf1 Qf8 26. Qxf8+ Kxf8 27. a5 Rac8 28. Rb3 Rc5 29. Rxb4 Rxa5 30. Rb3 Ke8 31. Ra3 Rxa3 32. Bxa3 Rb8 33. Ke1 Rb3 34. Bd6 a5 35. c5 a4 36. c6 Rb6 37. Kd2 Kd8 38. Bf3 Ra6 39. Kc2 Rb6 40. Kc3 Kc8 41. Kc4 Ra6 42. Ba3 Ra5 43. Kb4 Rxe5 44. Kxa4 Kc7 45. Bb4 Rf5 46. Ba5+ Kd6 47. c7 Rxa5+ 48. Kxa5 Kxc7 49. Kb5 Kd6 50. Kc4 f5 51. Kd3 Ke5 52. Ke3 h5 53. h4 Kf6 54. Kf2 e5 55. Bd5 g5 56. Kg3 e4 57. hxg5+ Kxg5 58. Kh3 h4 59. Bb7 Kh5 60. Bc6 Kg5 61. Bd5 Kh5 62. Bc4 Kg5 63. Be2 f4 1/2-1/2

[Event "Remote S7E Adv-127 email"]
[Site "Remote email"]
[Date "2012.08.10"]
[Round "?"]
[White "Hahner, Anton"]
[Black "Kuhn, Ansgar T"]
[Result "0-1"]
[WhiteElo "2270"]
[BlackElo "2330"]
[PlyCount "94"]
[EventDate "2012.??.??"]
[EventType "tourn (corr)"]
[EventRounds "6"]
[EventCountry "GER"]
[SourceTitle "Corr 2015"]
[Source "ChessBase"]
[SourceDate "2015.07.17"]
[SourceVersion "1"]
[SourceVersionDate "2015.07.17"]
[SourceQuality "1"]

1. d4 f5 2. g3 Nf6 3. Bg2 e6 4. c4 Be7 5. Nf3 0-0 6. 0-0 d6 7. Nc3 Ne4 8. Rb1 Nxc3 9. bxc3 Nc6 10. d5 Na5 11. Qa4 b6 12. dxe6 Bxe6 13. Nd4 Bxc4 14. Rb4 d5 15. Ne6 Qd6 16. Nxf8 Rxf8 17. Rb2 c6 18. Qc2 g5 19. Bf3 Qg6 20. Be3 Ba6 21. Rbb1 f4 22. Qxg6+ hxg6 23. Bc1 Bc8 24. g4 Bf6 25. Bd2 Nc4 26. Rfd1 Nxd2 27. Rxd2 Bxc3 28. Rc2 d4 29. Bxc6 Bxg4 30. f3 Bf5 31. Be4 Bxe4 32. fxe4 Kg7 33. Rb5 Kf6 34. Kg2 Re8 35. Kf3 Rh8 36. Rd5 Rh3+ 37. Kg2 g4 38. Rd6+ Kg5 39. Rd5+ Kh4 40. Rd7 f3+ 41. exf3 gxf3+ 42. Kf1 Kg4 43. Rf7 d3 44. Rxc3 d2 45. Rd3 Rxh2 46. Kg1 Re2 47. Rfd7 Kg3 0-1

[Event "Remote S7E Adv-127 email"]
[Site "Remote email"]
[Date "2012.08.10"]
[Round "?"]
[White "Kuhn, Ansgar T"]
[Black "Kirwald, Franz"]
[Result "1-0"]
[WhiteElo "2330"]
[BlackElo "2371"]
[PlyCount "117"]
[EventDate "2012.??.??"]
[EventType "tourn (corr)"]
[EventRounds "6"]
[EventCountry "GER"]
[SourceTitle "Corr 2015"]
[Source "ChessBase"]
[SourceDate "2015.07.17"]
[SourceVersion "1"]
[SourceVersionDate "2015.07.17"]
[SourceQuality "1"]

1. c4 b5 2. cxb5 a6 3. e4 Bb7 4. Nc3 axb5 5. Bxb5 Nf6 6. d3 e6 7. Nf3 Be7 8. 0-0 0-0 9. Bf4 d6 10. h3 Nbd7 11. Re1 c6 12. Bc4 d5 13. Bb3 h6 14. Rc1 Qb6 15. e5 Nh7 16. d4 Rfb8 17. Na4 Qa7 18. a3 Ba6 19. Bc2 Nb6 20. Nxb6 Rxb6 21. Rb1 Nf8 22. b4 Bb5 23. Bc1 Ra6 24. Rb3 Ng6 25. Rc3 Bd8 26. h4 Kh8 27. h5 Nf8 28. Qd2 Qb7 29. Qf4 R6a7 30. Qg4 Qe7 31. Nh2 Qh4 32. Qd1 Nh7 33. Rg3 Ng5 34. Bxg5 Bxg5 35. Nf3 Qxh5 36. Nxg5 Qxd1 37. Nxf7+ Rxf7 38. Bxd1 Kg8 39. Bg4 Re7 40. f4 Rf8 41. Rf3 g6 42. Kf2 Kf7 43. Bh3 Ke8 44. g4 Rg8 45. Rg1 Kd8 46. f5 gxf5 47. gxf5 Rxg1 48. Kxg1 exf5 49. Kf2 f4 50. Rxf4 Ra7 51. Rf3 h5 52. e6 Ke8 53. Bf5 Ke7 54. Bg4 Kd6 55. Rf7 Re7 56. Bh3 Ba4 57. Kg3 Bc2 58. Kh4 Bg6 59. Rxe7 1-0

[Event "Remote Random-141 email"]
[Site "Remote email"]
[Date "2012.06.27"]
[Round "?"]
[White "Kuhn, Ansgar T"]
[Black "Pieleck, Rudolf"]
[Result "1-0"]
[WhiteElo "2327"]
[BlackElo "1657"]
[PlyCount "35"]
[EventDate "2012.??.??"]
[EventType "tourn (corr)"]
[EventRounds "12"]
[EventCountry "GER"]
[SourceTitle "Corr 2015"]
[Source "ChessBase"]
[SourceDate "2015.07.17"]
[SourceVersion "1"]
[SourceVersionDate "2015.07.17"]
[SourceQuality "1"]

1. e4 c5 2. Nf3 d6 3. d4 cxd4 4. Nxd4 Nf6 5. Nc3 g6 6. Be3 Bg7 7. f3 0-0 8. Qd2 Nc6 9. Bc4 Bd7 10. h4 Nh5 11. Nxc6 Bxc6 12. g4 Nf6 13. h5 b5 14. Bb3 a5 15. hxg6 hxg6 16. Bh6 e6 17. Bxg7 Kxg7 18. Qh6+ 1-0

[Event "Remote Random-141 email"]
[Site "Remote email"]
[Date "2012.06.27"]
[Round "?"]
[White "Peschen, Rainer"]
[Black "Kuhn, Ansgar T"]
[Result "0-1"]
[WhiteElo "2188"]
[BlackElo "2327"]
[PlyCount "50"]
[EventDate "2012.??.??"]
[EventType "tourn (corr)"]
[EventRounds "12"]
[EventCountry "GER"]
[SourceTitle "Corr 2015"]
[Source "ChessBase"]
[SourceDate "2015.07.17"]
[SourceVersion "1"]
[SourceVersionDate "2015.07.17"]
[SourceQuality "1"]

1. e4 c5 2. Nf3 d6 3. d4 cxd4 4. Nxd4 Nf6 5. Nc3 g6 6. Be3 Bg7 7. f3 0-0 8. Qd2 Nc6 9. Bc4 Bd7 10. g4 Ne5 11. Bb3 b5 12. 0-0-0 b4 13. Nce2 a5 14. g5 a4 15. Bxf7+ Rxf7 16. gxf6 Bxf6 17. Qxb4 Rb8 18. Qc3 Nxf3 19. Rdf1 Rc8 20. Qd3 Ne5 21. Qa6 Nc4 22. Rxf6 Rxf6 23. Bg5 Rf7 24. h4 h6 25. Bxh6 e5 0-1

[Event "Remote S7E Pro-151 email"]
[Site "Remote email"]
[Date "2012.04.24"]
[Round "?"]
[White "Kuhn, Ansgar T"]
[Black "Fernandez Ballon, Armel"]
[Result "1/2-1/2"]
[WhiteElo "2281"]
[BlackElo "2358"]
[PlyCount "30"]
[EventDate "2012.??.??"]
[EventType "tourn (corr)"]
[EventRounds "6"]
[EventCountry "GER"]
[SourceTitle "Corr 2015"]
[Source "ChessBase"]
[SourceDate "2015.07.17"]
[SourceVersion "1"]
[SourceVersionDate "2015.07.17"]
[SourceQuality "1"]

1. c4 e5 2. g3 c6 3. d4 exd4 4. Qxd4 d5 5. Bg2 Be6 6. cxd5 cxd5 7. Nf3 Nc6 8. Qa4 Bc5 9. 0-0 Nf6 10. Ne5 Rc8 11. Nc3 0-0 12. Nd3 Be7 13. Nf4 Bc5 14. Nd3 Be7 15. Nf4 Bc5 1/2-1/2